00571nam a2200205Ia 4500003000400000005001700004008004100021020001800062040000700080041000800087082001700095100004500112245009300157260003300250300001500283365001400298440000600312650003100318650001600349OSt20230607090527.0210423s2010 xx 000 0 und d a9788183762625 cAL aeng a361.303 SINE aSINGH (Krishna Kant);SINGH (Ram Shankar) aEncyclopaedia of social work in tweenty first century: an introduction to social work V1 aDelhibABDPublicationsc2010 avi,296bHB b5000cINR v1 aSocial Problems & Services aSocial Work